000 00518nam a22001817a 4500
003 CEME
005 20210628210030.0
008 210210b xxu||||| |||| 00| 0 eng d
020 _a0-85296-772-1
040 _c.
082 _a621.3 SIH
100 _aSihvola, Ari
_977927
245 _aElectromagnetic mixing formulas and applications
260 _aUSA
_bTHE INSTITUTE OF ELECTRICAL ENGINEERS
_c1999
300 _a284P
650 _aELECTROMAGNETIC APPLICATIONS ELECTROMAGNETIC FORMULAS
_977928
942 _cBK
_2ddc
999 _c583103
_d583103